NFL Top 10 Rushing Yards 2000s - Statistics

General Stats
  • This quiz has been taken 86 times
    26 since last reset
  • The average score is 75 of 100
Answer Stats
Year Team Player % Correct
2009: 1 Titans Chris Johnson
96%
2008: 8 Titans Chris Johnson
96%
2008: 10 Chargers LaDainian Tomlinson
96%
2007: 1 Chargers LaDainian Tomlinson
96%
2006: 1 Chargers LaDainian Tomlinson
96%
2005: 6 Chargers LaDainian Tomlinson
96%
2004: 7 Chargers LaDainian Tomlinson
96%
2003: 3 Chargers LaDainian Tomlinson
96%
2002: 2 Chargers LaDainian Tomlinson
96%
2001: 9 Chargers LaDainian Tomlinson
96%
2006: 2 Chiefs Larry Johnson
96%
2005: 3 Chiefs Larry Johnson
96%
2001: 5 Rams Marshall Faulk
96%
2000: 8 Rams Marshall Faulk
96%
2005: 1 Seahawks Shaun Alexander
96%
2004: 2 Seahawks Shaun Alexander
96%
2003: 8 Seahawks Shaun Alexander
96%
2001: 6 Seahawks Shaun Alexander
96%
2006: 4 Giants Tiki Barber
96%
2005: 2 Giants Tiki Barber
96%
2004: 5 Giants Tiki Barber
96%
2002: 7 Giants Tiki Barber
96%
2009: 5 Vikings Adrian Peterson
92%
2008: 1 Vikings Adrian Peterson
92%
2007: 2 Vikings Adrian Peterson
92%
2007: 7 Cardinals Edgerrin James
92%
2005: 5 Colts Edgerrin James
92%
2004: 4 Colts Edgerrin James
92%
2000: 1 Colts Edgerrin James
92%
2007: 5 Browns Jamal Lewis
92%
2003: 1 Ravens Jamal Lewis
92%
2002: 8 Ravens Jamal Lewis
92%
2000: 7 Ravens Jamal Lewis
92%
2006: 7 Bengals Rudi Johnson
92%
2005: 7 Bengals Rudi Johnson
92%
2004: 6 Bengals Rudi Johnson
92%
2006: 3 49ers Frank Gore
88%
2000: 9 Steelers Jerome Bettis
88%
2009: 4 Jaguars Maurice Jones-Drew
88%
2003: 9 Chiefs Priest Holmes
88%
2002: 3 Chiefs Priest Holmes
88%
2001: 1 Chiefs Priest Holmes
88%
2008: 3 Panthers DeAngelo Williams
83%
2009: 10 Dolphins Ricky Williams
83%
2003: 10 Dolphins Ricky Williams
83%
2002: 1 Dolphins Ricky Williams
83%
2001: 8 Saints Ricky Williams
83%
2009: 2 Rams Steven Jackson
83%
2006: 5 Rams Steven Jackson
83%
2004: 1 Jets Curtis Martin
79%
2001: 2 Jets Curtis Martin
79%
2009: 6 Ravens Ray Rice
79%
2003: 2 Packers Ahman Green
75%
2001: 4 Packers Ahman Green
75%
2008: 4 Redskins Clinton Portis
75%
2007: 6 Redskins Clinton Portis
75%
2005: 4 Redskins Clinton Portis
75%
2004: 8 Redskins Clinton Portis
75%
2003: 5 Broncos Clinton Portis
75%
2002: 4 Broncos Clinton Portis
75%
2004: 3 Patriots Corey Dillon
75%
2002: 10 Bengals Corey Dillon
75%
2001: 7 Bengals Corey Dillon
75%
2000: 5 Bengals Corey Dillon
75%
2008: 7 Bears Matt Forte
75%
2009: 3 Jets Thomas Jones
75%
2008: 5 Jets Thomas Jones
75%
2007: 10 Jets Thomas Jones
75%
2005: 9 Bears Thomas Jones
75%
2000: 3 Titans Eddie George
71%
2000: 4 Broncos Mike Anderson
67%
2003: 7 Panthers Stephen Davis
67%
2001: 3 Redskins Stephen Davis
67%
2000: 10 Redskins Stephen Davis
67%
2007: 9 Jaguars Fred Taylor
63%
2004: 10 Jaguars Fred Taylor
63%
2003: 6 Jaguars Fred Taylor
63%
2002: 9 Jaguars Fred Taylor
63%
2000: 6 Jaguars Fred Taylor
63%
2000: 2 Vikings Robert Smith
63%
2006: 9 Vikings Chester Taylor
58%
2003: 4 Saints Deuce McAllister
58%
2002: 6 Saints Deuce McAllister
58%
2009: 9 Panthers Jonathan Stewart
50%
2005: 8 Falcons Warrick Dunn
50%
2007: 3 Eagles Brian Westbrook
46%
2006: 8 Eagles Brian Westbrook
46%
2008: 2 Falcons Michael Turner
46%
2007: 4 Steelers Willie Parker
42%
2006: 6 Steelers Willie Parker
42%
2007: 8 Ravens Willis McGahee
42%
2005: 10 Bills Willis McGahee
42%
2001: 10 49ers Garrison Hearst
38%
2006: 10 Titans Travis Henry
33%
2002: 5 Bills Travis Henry
33%
2009: 8 Bengals Cedric Benson
25%
2009: 7 Packers Ryan Grant
21%
2008: 9 Packers Ryan Grant
21%
2004: 9 Broncos Reuben Droughns
17%
2008: 6 Texans Steve Slaton
8%
No matching quizzes found
Score Distribution
Percent of People with Each Score
Percentile by Number Answered
Your Score History
You have not taken this quiz since the last reset